| Поле | Название | Значение |
| |
Тип записи |
a |
| |
Библиографический уровень |
a |
| 001 |
Контрольный номер |
247c80a79ce74f3caa5e8390704371f5 |
| 005 |
Дата корректировки |
20140506180944.8 |
| 200 |
Заглавие и сведения об ответственности |
__ |
| a |
Заглавие |
Система кадровой документации образовательного учреждения как объект управленческой деятельности |
| 461 |
Уровень набора |
_0 |
| 1 |
|
2001 |
| a |
|
Право и образование |
| 463 |
Уровень физической единицы |
_0 |
| 1 |
|
200 |
| a |
|
№ 4 |
| v |
|
С. 37-40 |
| 1 |
|
210 |
| d |
|
2005 |
| 610 |
Ключевые слова |
__ |
| a |
Ключевые слова |
кадровая документация;система кадровой документации вуза;управленческая деятельность в образовании; |
| 686 |
Индексы других классификаций |
__ |
| a |
Классификационный индекс |
65.050 |
| 700 |
Автор |
__ |
| a |
Фамилия |
Мусинов |
| b |
Имя |
П. А. |
| 701 |
Альтернативная интеллектуальная ответственность |
__ |
| a |
Фамилия |
Мусинов Е. П. |
| 901 |
Тип документа |
__ |
| t |
Тип документа |
b |
| 938 |
Служебная информация |
__ |
| a |
Название организации |
Волгоградский филиал |
| b |
Имя БД |
Статьи ВКИ |
| c |
Название АИБС |
АИБС МАРК-SQL |
| 990 |
|
__ |
| f |
|
2005 |